| 000 | 00000nam##2200000za#4500 |
| 001 | 9.698618 |
| 003 | CaOODSP |
| 005 | 20241203113638 |
| 007 | cr ||||||||||| |
| 008 | 150407|2013||||xxc|||||o f|0| 0 eng|d |
| 020 | |a978-1-100-22920-1 |
| 040 | |aCaOODSP|beng |
| 043 | |an-cn--- |
| 086 | 1 |aEn4-235/2013E-PDF |
| 110 | 1 |aCanada. |bEnvironment Canada. |
| 245 | 10|aWind-powered groundwater sparging at Farnworth Lake |h[electronic resource] |
| 246 | 1 |iAt head of title : |aFederal Contaminated Sites Action Plan (FCSAP) |
| 260 | |aGatineau - Quebec : |bEnvironment Canada |cc2014. |
| 300 | |a2p.|bphotographs |
| 590 | |a15-13|b2015-03-27 |
| 690 | 07|aDecontamination|2gcpds |
| 690 | 07|aPollution control|2gcpds |
| 775 | 08|tBiobarbotage des eaux souterraines alimenté à l'énergie éolienne au lac Farnworth |w(CaOODSP)9.642624 |
| 776 | 0#|tWind-powered groundwater sparging at Farnworth Lake |w(CaOODSP)9.630108 |
| 856 | 40|ahttp://publications.gc.ca|qPDF|s1293 KB|uhttps://publications.gc.ca/collections/collection_2015/ec/En4-235-2013-eng.pdf |